000 00308nam a2200109Ia 4500
008 201216s9999 xx 000 0 und d
100 _aFenton, Steve, Reiner, Robert and Hamnett, Ian
245 0 _aDurkheim and Modern Sociology
260 _aCambridge
_bCambridge University Press
300 _a276
942 _cBK
999 _c6596
_d6596